Les aventures de Tintin : personnages qui apparaissent en couverture - Statistiques

Statistiques générales
  • Ce quiz a été pris 61 fois
  • Le résultat moyen est 9 sur 18
Statistiques - réponses
Personnages % Correct
Tintin
98%
Le capitaine Archibald Haddock
96%
Le professeur Tryphon Tournesol
95%
Bianca Castafiore
87%
Dupont
84%
Dupond
82%
Piotr Szut
58%
Le Dr. J. W. Muller
51%
Zorrino
44%
Laszlo Carreidas
42%
Coco
40%
Igor Wagner
36%
Tharkey
36%
Le professeur Hippolyte Bergamotte
29%
Caraco
15%
Taupe-au-regard-perçant
15%
Le Dr Krollspell
11%
Gino (le photographe)
9%
Aucun quiz correspondant
Distribution des résultats
% des personnes avec chaque résultat
Percentile par nombre de réponses
Votre historique - résultats
Vous n’avez pas pris ce quiz